00329nam a22000977a 4500082001200000100007700012245003900089260004100128650001500169700004700184 a220 PRO aGc M.Nauman Basharat Gc Farhan Ahmad Ali Gc Hamza Abrar raja Gc M.Ramzan aPR-SOF-1899-Electrical Engineering aISLAMABADbNUST COLLEGE OF EMEc2020 aDE-COMP-38 aProject Supervisors Dr. Muwahida Col. Aqib